000 01320nam a2200337 a 4500
001 ebr10670965
003 CaPaEBR
006 m u
007 cr cn|||||||||
008 110531s2011 nyua sb 001 0 eng d
010 _z 2011016432
020 _z9781613247037 (hardcover)
020 _z9781613248195 (e-book)
040 _aCaPaEBR
_cCaPaEBR
035 _a(OCoLC)830627806
050 1 4 _aTA455.A34
_bA345 2011eb
082 0 4 _a620.1/99
_223
245 0 0 _aAdhesives
_h[electronic resource] :
_btypes, mechanics and applications /
_cJack S. Doyle and Ryan C. O'Quinn, editors.
260 _aNew York :
_bNova Science Publishers,
_cc2011.
300 _ax, 163 p. :
_bill.
490 1 _aMaterials science and technologies
504 _aIncludes bibliographical references and index.
533 _aElectronic reproduction.
_bPalo Alto, Calif. :
_cebrary,
_d2013.
_nAvailable via World Wide Web.
_nAccess may be limited to ebrary affiliated libraries.
650 0 _aAdhesives.
655 7 _aElectronic books.
_2local
700 1 _aDoyle, Jack S.
700 1 _aO'Quinn, Ryan C.
710 2 _aebrary, Inc.
830 0 _aMaterials science and technologies series.
856 4 0 _uhttp://site.ebrary.com/lib/rucke/Doc?id=10670965
_zAn electronic book accessible through the World Wide Web; click to view
999 _c175988
_d175988